00890nam a22002657a 450000500170000001000110001702000100002803500110003803700160004904000120006508200130007710000280009024501090011826000420022727000230026930000210029250000190031365000370033265000300036970000250039970000290042494200220045399900190047595201300049420170124110107.0 a376017 c00.00 a376017 bCen Lib/Ret aDPLbEN a921bCHE aChʼên, Jerome928279 aMao and the Chinese revolution / cby Jerome Chʼên [and] Mao Te-Tung; translated by Michael Bullock  aLondonbOxford University Pressc1965 bLondonaAmen House a419p. c20cm(Hb) aincludes index aMao, Zedong, -- 1893-1976928280 aCommunism -- China928281 aTe-Tung, Mao 928282 aBullock, Michael 928283 2ddccENh921mCHE c130097d130097 00104070aLbLd2015-07-08eCen Lib/Retg0.00l1o921 CHEp376017r2026-01-13 00:00:00s2026-01-02t1v0.00w2015-07-08yEN